000
00340pam a2200157a 44500
008
230515b2009 xxu||||| |||| 00| 0 eng d
020
_a
NULL
041
_a
ENGLISH
082
_a
006.133 DAV
100
_a
FLANAGAN DAVID
245
_a
JAVA IN A NUTSHELL
250
_a
5
260
_a
NULL
_b
NA
_c
2009
300
_a
1221
650
_a
NULL
999
_c
636898
_d
636898